000 00968nam a2200265Ia 4500
003 OSt
005 20221005110447.0
006 a|||||r|||| 00| 0
007 ta
008 221004b |||||||| |||| 00| 0 hin d
020 _cINR 20.00
024 _a41995
037 _b1649, 16/02/2019, Bright Book Service
_cTextual
040 _aCRL
_cCRL
_bhin
041 _2hin
_ahin
082 _aR663x3,1, 152Q6
100 _aगुप्ता, अभिनव, ले.
245 0 _aअभिनव सूक्ति शतकम्
246 _aAbhinav sūkti shatakam
260 _aनई दिल्ली
_bजम्मू कश्मीर अध्ययन केंद्र भारत
_c2016
300 _a18पृ0
_ccm.
650 _aदर्शनशास्त्र
942 _hR663x3,1, 152Q6
_cTEXL
_2cc
999 _c1018888
_d1018888